01246nam a2200289Ia 4500001001200000003000800012006001900020007001500039008004100054020001800095040002100113035002100134050002300155100005500178245012900233260004200362300002200404490003500426504005100461533015200512650004200664650005900706655002900765710001700794856012600811999001900937ebr10435072CaPaEBRm u cr cn|||||||||100624s2010 mdua sb 001 0 eng d z9780759119970 aCaPaEBRcCaPaEBR a(OCoLC)69859029914aE78.S7bC65 2010eb1 aColwell-Chanthaphonh, Chipq(John Stephen),d1975-10aLiving historiesh[electronic resource] :bNative American issues and Southwestern archaeology /cChip Colwell-Chanthaphonh. aLanham, MD :bAltamira Press,cc2010. ax, 201 p. :bill.0 aIssues in Southwest archeology aIncludes bibliographical references and index. aElectronic reproduction.bPalo Alto, Calif. :cebrary,d2011.nAvailable via World Wide Web.nAccess may be limited to ebrary affiliated libraries. 0aArchaeologyzSouthwest, NewxHistory. 0aIndians of North AmericazSouthwest, NewxAntiquities. 7aElectronic books.2local2 aebrary, Inc.40uhttp://site.ebrary.com/lib/rucke/Doc?id=10435072zAn electronic book accessible through the World Wide Web; click to view c148737d148737